Statistics for U.S State Capitals With the Hottest Recorded Temperature?

Click here to take the quiz!

General Stats

  • This quiz has been taken 43 times
  • The average score is 5 of 10

Answer Stats

HintAnswer% Correct
122*Phoenix
97%
112*Austin
94%
114*Sacramento
74%
113*Topeka
46%
112*Little Rock
37%
115*Lincoln
31%
114*Bismarck
23%
117*Pierre
20%
112*Jefferson City
17%
112*Springfield
14%

Score Distribution

Percentile by Number Answered

Percent of People with Each Score

Your Score History

You have not taken this quiz